书目信息 |
| 题名: |
告诉你不知道的韩国爱情电影
|
|
| 作者: | 王重 著 | |
| 分册: | ||
| 出版信息: | 北京 中国画报出版社 2010.02 |
|
| 页数: | 208页 | |
| 开本: | 24cm | |
| 丛书名: | 电影图书馆 | |
| 单 册: | ||
| 中图分类: | J905.312.6 | |
| 科图分类: | ||
| 主题词: | 电影评论--韩国 | |
| 电子资源: | ||
| ISBN: | 978-7-80220-578-9 | |
| 000 | 00945nam0 2200241 450 | |
| 001 | 1262976826 | |
| 005 | 20120212173027.35 | |
| 010 | @a978-7-80220-578-9@dCNY29.80 | |
| 100 | @a20100311d2010 y0chiy0110 ea | |
| 101 | 0 | @achi |
| 102 | @aCN@b110000 | |
| 105 | @aa z 000yy | |
| 200 | 1 | @a告诉你不知道的韩国爱情电影@9gao su ni bu zhi dao de han guo ai qing dian ying@f王重著 |
| 210 | @a北京@c中国画报出版社@d2010.02 | |
| 215 | @a208页@c彩照@d24cm | |
| 225 | 2 | @a电影图书馆 |
| 330 | @a本书有所选择地将近年来韩国的爱情电影汇集在一起,比方说《不可不信缘》可以说是其中的经典,从剧情构思的巧妙与精致,一直到表演、拍摄以及音乐都是非常到位的,给人童话般的感觉;也有非常纪实的,比方说《艰难的爱》、《悲伤电影》和《你是我的命运》,都是从现实生活中提炼出来的爱情故事。 | |
| 461 | 0 | @12001@a电影图书馆 |
| 606 | 0 | @a电影评论@y韩国 |
| 690 | @aJ905.312.6@v4 | |
| 701 | 0 | @a王重@9wang zhong@4著 |
| 801 | 0 | @aCN@bSG11@c20100311 |
| 905 | @aZUCC@dJ905.312.6@eW472 | |
| 告诉你不知道的韩国爱情电影/王重著.-北京:中国画报出版社,2010.02 |
| 208页:彩照;24cm.-(电影图书馆) |
| ISBN 978-7-80220-578-9:CNY29.80 |
| 本书有所选择地将近年来韩国的爱情电影汇集在一起,比方说《不可不信缘》可以说是其中的经典,从剧情构思的巧妙与精致,一直到表演、拍摄以及音乐都是非常到位的,给人童话般的感觉;也有非常纪实的,比方说《艰难的爱》、《悲伤电影》和《你是我的命运》,都是从现实生活中提炼出来的爱情故事。 |
| ● |
| 相关链接 |
|
|
|
正题名:告诉你不知道的韩国爱情电影
索取号:J905.312.6/W472
 
预约/预借
| 序号 | 登录号 | 条形码 | 馆藏地/架位号 | 状态 | 备注 |
| 1 | 482740 | 204827401 | 社科库309/309社科库 97排4列5层/ [索取号:J905.312.6/W472] | 在馆 | |
| 2 | 482741 | 204827410 | 社科库309/309社科库 97排4列5层/ [索取号:J905.312.6/W472] | 在馆 | |
| 3 | 482742 | 204827429 | 社科库309/309社科库 97排4列5层/ [索取号:J905.312.6/W472] | 在馆 |